Všeobecné strojnictví. Díl 2. Svazek 4 : Spritzhaspel-Z

Saved in:
Bibliographic Details
Format: Book
Language:Czech
Published: Praha : F.Řivňáč, 1948
Subjects:
Tags: Add Tag
No Tags, Be the first to tag this record!

MARC

LEADER 00000nam a22000003a 4500
001 stu44174
005 20150408180403.3
008 950201s1948----cs------------------cze-d
040 |a STU  |b slo 
041 0 |a cze 
044 |a cs 
080 |a 621 
245 |a Všeobecné strojnictví. Díl 2. Svazek 4 :  |b Spritzhaspel-Z 
260 |a Praha :  |b F.Řivňáč,  |c 1948 
300 |a 649 s 
650 7 |a Strojárstvo všeobecné  |2 stusub 
996 |b 284M020185  |c M*3486/II/4-2  |l MMKN  |s A  |a 24  |w stu44174_0001